000 00583nam a2200229Ia 4500
003 OSt
005 20220918184358.0
006 a|||||r|||| 00| 0
007 ta
008 220917b |||||||| |||| 00| 0 eng d
024 _a46,272
037 _cTextual
040 _aARTS
_cARTS
_beng
041 _2eng
_aeng
082 _aPy1, J7 (PD)
100 _aGleason Henry Allan
_965618
245 0 _aWorkbook in descriptive linguistics
260 _c1957
650 _aLINGUISTICS
942 _hPy1, J7 (PD)
_cTEXL
_2CC
999 _c176299
_d176299